000 00807nam a2200277 a 4500
008
020 _a0026757303 (hbk.)
049 _aMAIN
090 _aTS145
245 0 _aManufacturing :
_ba basic text /
_cJames Fales ...[et. al.].
250 _a2nd ed.
260 _aLake Forest, Illinois. :
_bMacMillan/McGraw-Hill,
_c1986.
300 _ax, 468 p. :
_bill. (some col.) ;
_c26 cm.
500 _aIncludes index.
650 _aManufacturing industries.
650 _aManufacturing processes.
700 _aDinan, John F.
700 _aMervich, Gregg J.
700 _aSheets, Everett G.
700 _aFales, James.
907 _a.b10093667
_b23-01-07
_c20-11-03
003
005 20230123133456.0
040 _cNUST
942 _cBOOKS
_kTS145
999 _c149240
_d149240